Málnási Bartók György 1882-1970
Elmentve itt :
| Szerző: | |
|---|---|
| Adatforrás: | Philobibl |
| Forrásdokumentuma: | Theológiai Szemle 1993:4. 234-240. p. |
| Dokumentumtípus: | Cikk |
| Nyelv: | magyar |
| LEADER | 00292nab a2200097 c 4500 | ||
|---|---|---|---|
| 001 | bibDOK00028709 | ||
| 005 | 20200924122355.4 | ||
| 008 | 060518s1993 hu hun | ||
| 100 | 1 | |a Mariska Zoltán | |
| 245 | 1 | 0 | |a Málnási Bartók György 1882-1970 |c Mariska Zoltán |
| 773 | 0 | |t Theológiai Szemle |g 1993:4. 234-240. p. | |